| 000 | 00731cas a22002295a 4500 | ||
|---|---|---|---|
| 001 | L377 | ||
| 008 | 070626d19892002xxuqr p 0 a0eng | ||
| 022 | 1 | _a0039-6273 | |
| 035 | _a(Sirsi) u98999 | ||
| 041 | 0 | _aeng | |
| 110 | 2 |
_aAmerican Congress on Surveying and Mapping _958 |
|
| 245 | 0 | 0 | _aSurveying and Land Information Systems |
| 260 |
_aBethesda _bAmerican Congress on Surveying and Mapping _c1989-2002 |
||
| 362 | _a1989-58(2) June 1998 | ||
| 554 | _aFour per year | ||
| 651 | 4 |
_aUnited States _y1959- |
|
| 690 | _aENVIRONMENTAL AND LAND CONSULTANCY-GEOMATICS-LAND SURVEYING | ||
| 780 | 0 | 0 |
_tSurveying and Mapping _x0039-6273 |
| 785 | 0 | 0 | _tSurveying and Land Information Science |
| 942 | _n0 | ||
| 948 | _c03/02/1995 | ||
| 999 |
_c118616 _d118616 |
||